00511nam a22001817a 4500008004100000017001400041020001700055040002300072100003100095245004100126260005800167300002100225563000800246650002500254856002100279050001900300082001000319220413b ||||| |||| 00| 0 eng d a2019-2199 a978978562215 aNLNbEnglish dNLN aIZUNDU, Agu Obiageli eaut aA Man like JobcObiageli Aguy Izundu aEnugu State (126 Zik Avenue Uwani):bEzu books,c2018 ax, 88p.;b18cm.  apbk aJobvBiblical figure uwww.ezubooks.com aBS580.I5.bI98 a223.1